00970nam a2200301 a 450000100060000000300090000600500170001500600090003200800410004101500120008201700510009402000180014503500210016304000280018404100120021208000160022408200170024010000280025724000600028524501310034526000390047630000170051533600310053233700300056349000210059350400340061465000200064826183CO-ViMGA20230915232149.0a5236106141112s2004 ck r 000 u spa d aMON1211 aM 13607 - 2012 Oficina Depósito Legal Madrid a9788478845200 a(OCoLC)818820254 aCO-ViMGAbspacCO-ViMGA aspa fre a316.4.063.304a306.766 D83f1 aDuits, Emmanuel - Juste aMode d'emploi de la civilisation planétaire Español10aLa falsa alternativa de la globalización : basumir un papel activo en los cambios aquí y ahora / cEmmanuel - Juste Duits aMadrid Editorial Popular D.L. 2012 a157 p. 21 cm aTexto (visual) isbdcontent asin mediación isbdmedia aQuintaesencia 12 aBibliografía : p. 147 - 15714aGlobalización